| 000 | 00759nam a2200229 i 4500 | ||
|---|---|---|---|
| 001 | 16301 | ||
| 003 | ES-MaACL | ||
| 005 | 20250702063035.0 | ||
| 007 | t| | ||
| 008 | 000828s1990 sp ||||1| spa d | ||
| 020 | _a84-87101-14-3 | ||
| 080 | _a821.134.2-3"19" | ||
| 100 | 1 |
_aGil-Albert, Juan, _d1904-1994 _956757 |
|
| 245 | 1 | 0 |
_aTobeyo o Del amor _b: homenaje a México / _cJuan Gil-Albert. |
| 260 |
_aValencia : _bPre-Textos : _bInstituto de Cultura "Juan Gil-Albert", _c[1990] |
||
| 300 |
_a181 p. ; _c19 cm. |
||
| 490 | 1 |
_aPre-textos ; _v114. _aNarrativa |
|
| 710 | 2 |
_aInstituto de Cultura "Juan Gil-Albert" _94857 |
|
| 830 | 0 |
_aPre-textos ; _v114. _aNarrativa _9179720 |
|
| 852 |
_aES-MaACL _jL-23559 _bR.128839 |
||
| 999 |
_c16301 _d16301 |
||